Mechanics of materials (Record no. 6912)

000 -LEADER
fixed length control field 00506nam a2200205 a 4500
001 - CONTROL NUMBER
control field 6912
003 - CONTROL NUMBER IDENTIFIER
control field BD-DhUET
008 - FIXED-LENGTH DATA ELEMENTS--GENERAL INFORMATION
fixed length control field 750825s1976 nyua bi 001 0 eng
040 ## - CATALOGING SOURCE
Original cataloging agency DLC
Transcribing agency DLC
Modifying agency BD-DhUET
082 00 - DEWEY DECIMAL CLASSIFICATION NUMBER
Classification number 620.11
Item number POP/1976
100 ## - MAIN ENTRY--PERSONAL NAME
Personal name Popov, E. P.
245 00 - TITLE STATEMENT
Title Mechanics of materials
250 ## - EDITION STATEMENT
Edition statement 2nd ed.
260 ## - PUBLICATION, DISTRIBUTION, ETC. (IMPRINT)
Place of publication, distribution, etc. New Jersey
Name of publisher, distributor, etc. Prentice-Hall
Date of publication, distribution, etc. 1976
300 ## - PHYSICAL DESCRIPTION
Extent ix,589p.
Other physical details ill.
Dimensions 24 cm.
650 #0 - SUBJECT ADDED ENTRY--TOPICAL TERM
Topical term or geographic name as entry element Strength of materials
700 ## - ADDED ENTRY--PERSONAL NAME
Personal name Nagarajan, S.
700 ## - ADDED ENTRY--PERSONAL NAME
Personal name Lu, Z. A.
942 ## - ADDED ENTRY ELEMENTS (KOHA)
Koha item type General Book
Holdings
Price effective from Koha full call number Lost status Koha normalized classification for sorting Copy number Not for loan Date acquired Location (home branch) Piece designation (barcode) Withdrawn status Koha date last borrowed Damaged status Koha issues (times borrowed) Shelving location Koha date last seen Koha item type Source of classification or shelving scheme Sublocation or collection (holding branch)
2014-12-06620.11/POP/1976 620_110000000000000_POP_19761 2014-12-06Central Library, BUET66175 2023-12-02 2Circulation section2023-12-17General Book Central Library, BUET
2014-12-07620.11/ POP/1976 620_110000000000000_POP_19762 2014-12-07Central Library, BUET21010    Circulation section2014-12-07General Book Central Library, BUET
2014-12-07620.11/POP/1976 620_110000000000000_POP_19763 2014-12-07Central Library, BUET7885 2023-12-11 1Circulation section2024-01-16General Book Central Library, BUET
2015-06-30620.11/POP/1976 620_110000000000000_POP_19764 2015-06-30Central Library, BUET45480    Reading section2015-06-30Reading Item Central Library, BUET